Statistics for Guess the Taylor Swift song with no hint 6

Click here to take the quiz!

General Stats

  • This quiz has been taken 1,195 times
  • The average score is 318 of 403

Answer Stats

Answer% Correct
I
100%
you
99%
You
99%
a
98%
the
97%
me
96%
And
94%
and
94%
to
91%
where
91%
in
90%
it
90%
my
90%
on
90%
when
89%
no
88%
you're
88%
be
86%
I'm
86%
who
86%
hear
84%
so
84%
They
84%
for
83%
her
83%
love
83%
there
83%
But
82%
but
82%
was
82%
"What
82%
ever
81%
left
81%
of
81%
right
81%
Right
81%
that
81%
At
80%
at
80%
don't
80%
say
80%
she
80%
up
80%
know
78%
one
78%
Did
77%
it's
77%
oh
77%
could
76%
if
76%
If
76%
Time
76%
every
75%
have
75%
stay
75%
want
75%
get
74%
here
74%
Still
74%
still
74%
girl
73%
How
72%
Some
72%
about
71%
Cause
71%
cause
71%
got
71%
forever
70%
restaurant
70%
break
69%
choice
69%
day
69%
Everybody
69%
everybody
69%
Friends
69%
friends
69%
hair
69%
just
69%
She's
69%
can't
68%
corner
68%
Help
68%
married
68%
moved
68%
out
68%
pin
68%
sitting
68%
stayed
68%
Dust
67%
sad
67%
think
67%
haunt
66%
Strangers
66%
strangers
66%
wont
66%
23
65%
collected
65%
drop
65%
light
65%
new
65%
pinned
65%
been
64%
delusion?
64%
fantasy
64%
frozen?
64%
inside
64%
lives
64%
moment
64%
sight"
64%
stop
64%
went
64%
buried
63%
feel
63%
felt
63%
front
63%
Glass
63%
white
63%
fly
62%
lose
62%
our
62%
dim
61%
else
61%
find
61%
other
61%
rumors
61%
shattered
61%
supposed
61%
through
61%
after
60%
born
60%
cloth
60%
everything
60%
Kids
60%
run
60%
sat
60%
wife
60%
Break-ups
59%
each
59%
happen
59%
skies
59%
sure
59%
expected
58%
mascara
58%
mind
58%
somewhere
58%
swear
58%
wrong
58%
burn
57%
change
57%
Christmas
57%
Cross-legged
57%
stick
57%
turn
57%
young
57%
long
56%
Pages
56%
perspective
56%
stared
56%
harm
55%
Matches
55%
Trends
55%
unaware
55%
business
54%
died
53%
learned
53%
lessons
53%
witness
52%
earned
50%
Wages
50%
bear
49%

Score Distribution

Percentile by Number Answered

Percent of People with Each Score

Your Score History

You have not taken this quiz